书目信息 |
| 题名: |
堤防工程三维可视化管理技术
|
|
| 作者: | 张力 , 马瑞 , 徐志敏 著 | |
| 分册: | ||
| 出版信息: | 武汉 长江出版社 2021.07 |
|
| 页数: | 236页 | |
| 开本: | 26cm | |
| 丛书名: | 长江设计文库 | |
| 单 册: | ||
| 中图分类: | TV871-39 | |
| 科图分类: | ||
| 主题词: | 地理信息系统--di li xin xi xi tong--应用--堤防--防洪工程 | |
| 电子资源: | ||
| ISBN: | 978-7-5492-7614-1 | |
| 000 | 01078oam2 2200277 450 | |
| 001 | 011025153101 | |
| 005 | 20221025153101.0 | |
| 010 | @a978-7-5492-7614-1@dCNY86.00 | |
| 100 | @a20201004d2021 em y0chiy0120 ea | |
| 101 | 0 | @achi |
| 102 | @aCN@b420000 | |
| 105 | @aa z 000yy | |
| 106 | @ar | |
| 200 | 1 | @a堤防工程三维可视化管理技术@Adi fang gong cheng san wei ke shi hua guan li ji shu@f张力, 马瑞, 徐志敏等著 |
| 210 | @a武汉@c长江出版社@d2021.07 | |
| 215 | @a236页@c彩图@d26cm | |
| 225 | 2 | @a长江设计文库@Achang jiang she ji wen ku |
| 300 | @a国家重点研发计划项目资助 | |
| 330 | @a本书共九章,其中包括绪论、堤防工程信息感知技术、堤防工程信息管理技术、三维可视化支撑技术、堤防工程三维可视化关键技术、堤防工程信息集成、综合管理平台设计、堤防工程信息管理与安全评估预警系统研发等内容。 | |
| 410 | 0 | @12001 @a长江设计文库 |
| 606 | 0 | @a地理信息系统@Adi li xin xi xi tong@x应用@x堤防@x防洪工程 |
| 690 | @aTV871-39@v5 | |
| 701 | 0 | @a张力@Azhang li@4著 |
| 701 | 0 | @a马瑞@Ama rui@4著 |
| 701 | 0 | @a徐志敏@Axu zhi min@4著 |
| 905 | @a河南城建学院图书馆@dTV871-39@eZ133 | |
| 堤防工程三维可视化管理技术/张力, 马瑞, 徐志敏等著.-武汉:长江出版社,2021.07 |
| 236页:彩图;26cm.-(长江设计文库) |
| 国家重点研发计划项目资助 |
| ISBN 978-7-5492-7614-1:CNY86.00 |
| 本书共九章,其中包括绪论、堤防工程信息感知技术、堤防工程信息管理技术、三维可视化支撑技术、堤防工程三维可视化关键技术、堤防工程信息集成、综合管理平台设计、堤防工程信息管理与安全评估预警系统研发等内容。 |
| ● |
| 相关链接 |
|
|
|
正题名:堤防工程三维可视化管理技术
索取号:TV871-39/Z133
 
预约/预借
| 序号 | 登录号 | 条形码 | 馆藏地/架位号 | 状态 | 备注 |
| 1 | 1586656 | 215866560 | 自科库501/501自科库 48排6列5层/ [索取号:TV871-39/Z133] | 在馆 | |
| 2 | 1586657 | 215866579 | 自科库501/501自科库 48排6列5层/ [索取号:TV871-39/Z133] | 在馆 |